Zapatos de caramelo / (Registro nro. 2785)
[ vista simple ]
| 000 -LEADER | |
|---|---|
| fixed length control field | 01328nam a2200205 a 4500 |
| 008 - CAMPO DE CONTROL (LIBRO) | |
| fixed length control field | 180524e2007 ag ||||g |||| 00| f spa d |
| 020 ## - INTERNATIONAL STANDARD BOOK NUMBER | |
| ISBN | 9789502804460 |
| 041 ## - CODIGO DE IDIOMA | |
| Código de idioma del texto/pista de sonido o título separado | spa |
| 092 ## - SIGNATURA TOPOGRAFICA DEWEY LOCAL | |
| número de clasificación | 808 |
| libristica | 32 |
| sección | HAR |
| 100 1# - ENTRADA PRINCIPAL--NOMBRE PERSONAL | |
| Nombre personal | Harris, Joanne |
| 9 (RLIN) | 3958 |
| 245 ## - TITULO PROPIAMENTE DICHO | |
| Título | Zapatos de caramelo / |
| Mención de responsabilidad y remanente de la transcripción de la portada | Joanne Harris |
| 250 ## - MENCION DE EDICION | |
| Mención de edición | 1a ed. |
| Mención de responsabilidad relacionada con la ed. | Traducción Margarita Cavándoli |
| 260 ## - PIE DE IMPRENTA | |
| Lugar de publicación, distribución, etc | Buenos Aires: |
| Nombre de la editorial, distribuidor, etc | Grijalbo; |
| Fecha de publicación | 2007. |
| 300 ## - DESCRIPCION FISICA | |
| Extension | 572 p. |
| 500 ## - NOTA GENERAL | |
| Nota general | Harris, J. (2007). Zapatos de caramelo. (1a ed.). Buenos Aires : Grijalbo. |
| 505 ## - NOTA DE CONTENIDO | |
| Nota de contenido formateada | Cuatro años después de Chocolate, Yanne se ha instalado con sus hijas en una pequeña bombonería escondida en medio de Montmartre. Allí pretende vivir lejos de cualquier problema... y así es hasta que llega Zozie, que irrumpe en sus vidas como un huracán, con sus zapatos rojos y vestidos llamativos. Ayuda en la tienda, la pinta de arriba abajo, se convierte en la mejor amiga de todos.. o por lo menos eso es lo que parece. Zozie, tan despiadada como seductora, tiene sus propios planes: quiere apoderarse de la vida entera de Yanne que, para defender lo suyo, tendrá que renunciar a la discreción y luchar con todas sus armas contra una enemiga cuyos poderes son tan fuertes como los de ella misma. |
| 590 ## - NOTAS LOCALES (RLIN) | |
| Nota local | DONACION Victoria Lara mayo 2018 |
| 655 ## - MATERIA - GENERO/FORMA | |
| Género/Forma | Literatura |
| -- | 2917 |
| 942 ## - ADDED ENTRY ELEMENTS (KOHA) | |
| Source of classification or shelving scheme | Dewey Decimal Classification |
| Item type | LITERATURA |
| Estado de retiro | Existencia | Fuente de clasificación | Estado general | No para prestamo | Colección | Ubicación permanente | ubicación actual | Sala de ubicación | Fecha de adquisición | Fuente de adquisición | Total Checkouts | Número de clasificación | Código de barras | Date last seen | Date last borrowed | Número de ejemplar | Price effective from | Koha tipo de elemento (item) | Public note |
|---|---|---|---|---|---|---|---|---|---|---|---|---|---|---|---|---|---|---|---|
| Dewey Decimal Classification | Fiction | Biblioteca Medicina | Biblioteca Medicina | Circulación | 24/05/2018 | Donacion | 1 | 808 32 HAR | 4311 | 25/09/2024 | 11/09/2024 | Ej. 1 | 24/05/2018 | LITERATURA | DONACION Victoria Lara mayo 2018 |